[Event "1. liga V 24/25, Poruba-Hostalkova"]
[Site ""]
[Date "2025.04.06"]
[Round "11.3"]
[White "Barski, Radoslaw"]
[Black "Gnida, Patrik"]
[Result "1-0"]
[WhiteFideId "1131710"]
[BlackFideId "351660"]
[WhiteElo "2385"]
[BlackElo "2195"]
[PlyCount "0"]
[WhiteTeam "SK Slavoj Poruba B"]
[BlackTeam "Sachy Hostalkova"]
[EventDate "2024.10.20"]

1. e4 e5 2. Nf3 Nf6 3. Nxe5 Nxe4 4. Be2 Nc6 5. Nf3 d5 6. O-O Bd6 7. Re1 O-O 8.
d3 Nf6 9. Bg5 Be6 10. d4 Qd7 11. Bxf6 gxf6 12. Nbd2 Kh8 13. Nf1 Rg8 14. Qd2 f5
15. Bb5 f4 16. g3 Qe7 17. Bxc6 bxc6 18. Ne5 Qf6 19. Kh1 Rg5 20. Qxf4 Rf5 21.
Qe3 Rxf2 22. Nd2 Bxe5 23. dxe5 Qf5 24. Kg1 Rxd2 25. Qxd2 c5 26. Qf2 Rb8 27.
Qxc5 h5 28. b3 Rg8 29. Qf2 Qg4 30. Rad1 c5 31. Rf1 Rg6 32. Qxc5 h4 33. Rd4 Qg5
34. Qf8+ Kh7 35. Rxf7+ Bxf7 36. Qxf7+ Kh8 37. Rxh4+ Qxh4 38. Qe8+ Rg8 39. Qxg8+
Kxg8 40. gxh4 1-0

[Event "1. liga V 24/25, Poruba-Hostalkova"]
[Site ""]
[Date "2025.04.06"]
[Round "11.4"]
[White "Machycek, Lubomir"]
[Black "Velicka, Petr"]
[Result "1/2-1/2"]
[WhiteFideId "311049"]
[BlackFideId "300659"]
[WhiteElo "2185"]
[BlackElo "2346"]
[PlyCount "0"]
[WhiteTeam "Sachy Hostalkova"]
[BlackTeam "SK Slavoj Poruba B"]
[EventDate "2024.10.20"]

1. d4 d5 2. c4 e6 3. Nc3 c5 4. cxd5 exd5 5. Nf3 Nc6 6. g3 Nf6 7. Bg2 cxd4 8.
Nxd4 Bc5 9. Nb3 Bb6 10. O-O d4 11. Na4 O-O 12. Nxb6 axb6 13. Bg5 h6 14. Bxf6
Qxf6 15. Bxc6 bxc6 16. Qxd4 Rd8 17. Qxf6 gxf6 18. Rfd1 Rxd1+ 19. Rxd1 Be6 20.
Nc1 Bxa2 21. Nxa2 Rxa2 22. Rd6 Rxb2 23. Rxc6 Kg7 24. e4 1/2-1/2

[Event "1. liga V 24/25, Poruba-Hostalkova"]
[Site ""]
[Date "2025.04.06"]
[Round "11.5"]
[White "Walter, Szymon"]
[Black "Krejca, Jakub"]
[Result "1-0"]
[WhiteFideId "1172590"]
[BlackFideId "365777"]
[WhiteElo "2320"]
[BlackElo "2097"]
[PlyCount "0"]
[WhiteTeam "SK Slavoj Poruba B"]
[BlackTeam "Sachy Hostalkova"]
[EventDate "2024.10.20"]

1. e4 e6 2. d4 d5 3. Nc3 Bb4 4. e5 c5 5. a3 Ba5 6. b4 cxd4 7. Nb5 Bc7 8. f4 Bd7
9. Nf3 Ne7 10. Nbxd4 Nbc6 11. Bd3 Nxd4 12. Nxd4 Bb6 13. Bb2 Ba4 14. Qd2 Nc6 15.
Nf3 a6 16. f5 Bb5 17. Bxb5 axb5 18. O-O-O exf5 19. Qxd5 Qxd5 20. Rxd5 Rd8 21.
Rxb5 Be3+ 22. Kb1 b6 23. c4 Ke7 24. Rd5 Rd7 25. Re1 f4 26. Red1 Rhd8 27. Kc2 h6
28. h4 Rc7 29. Kb3 Rdc8 30. h5 Nd8 31. Nh4 Nb7 32. Nf5+ Kf8 33. Rd7 1-0

[Event "1. liga V 24/25, Poruba-Hostalkova"]
[Site ""]
[Date "2025.04.06"]
[Round "11.6"]
[White "Krmela, Ales"]
[Black "Malik, Jan"]
[Result "0-1"]
[WhiteFideId "303658"]
[BlackFideId "317500"]
[WhiteElo "2014"]
[BlackElo "2261"]
[PlyCount "0"]
[WhiteTeam "Sachy Hostalkova"]
[BlackTeam "SK Slavoj Poruba B"]
[EventDate "2024.10.20"]

1. c4 c6 2. d4 d5 3. e3 Nf6 4. Nc3 e6 5. Nf3 Nbd7 6. Bd2 Bd6 7. Bd3 dxc4 8.
Bxc4 b5 9. Bd3 Bb7 10. Ne4 Nxe4 11. Bxe4 Nf6 12. Bd3 a6 13. Qe2 c5 14. dxc5
Bxc5 15. Bxb5+ axb5 16. Qxb5+ Qd7 17. Qxc5 Ba6 18. Ne5 Qxd2+ 19. Kxd2 Ne4+ 20.
Kc2 Nxc5 21. b4 Rc8 22. Kb2 Na4+ 23. Kb3 Bb5 24. Rac1 Ke7 25. Nc4 Rhd8 26. Nb2
Nxb2 27. Kxb2 Rd2+ 28. Kb3 Ra8 29. Rc5 Ba4+ 30. Kc4 Rc2+ 31. Kd4 Rd8+ 32. Ke4
Rxc5 33. bxc5 Bc6+ 34. Kf4 Rd2 0-1

[Event "1. liga V 24/25, Poruba-Hostalkova"]
[Site ""]
[Date "2025.04.06"]
[Round "11.7"]
[White "Neumann, Filip"]
[Black "Zelenka, Milan"]
[Result "0-1"]
[WhiteFideId "375640"]
[BlackFideId "312339"]
[WhiteElo "2143"]
[BlackElo "2007"]
[PlyCount "0"]
[WhiteTeam "SK Slavoj Poruba B"]
[BlackTeam "Sachy Hostalkova"]
[EventDate "2024.10.20"]

1. e4 e6 2. d3 d5 3. Nd2 Nc6 4. g3 Nf6 5. Bg2 Bc5 6. Ngf3 O-O 7. O-O dxe4 8.
dxe4 e5 9. c3 Be6 10. Qe2 a6 11. Nc4 Nd7 12. Ng5 Bxc4 13. Qxc4 h6 14. Nf3 Qe7
15. Nh4 Qe6 16. Qe2 Ne7 17. Qf3 c6 18. g4 Nf6 19. Bh3 g5 20. Nf5 Nxf5 21. gxf5
Qc4 22. Bg2 Rad8 23. h4 g4 24. Qg3 Rfe8 25. Bxh6 Rd3 26. Be3 Bxe3 27. fxe3 Kh7
28. Rfe1 Rd2 29. Rad1 Nh5 30. Qh2 Rxd1 31. Rxd1 Qe2 32. Bf3 Qxf3 33. Rd7 Qxe3+
34. Qf2 Qxf2+ 35. Kxf2 Kg7 0-1

[Event "1. liga V 24/25, Poruba-Hostalkova"]
[Site ""]
[Date "2025.04.06"]
[Round "11.8"]
[White "Kafka, Ales"]
[Black "Caletka, Radomir"]
[Result "0-1"]
[WhiteFideId "23750235"]
[BlackFideId "321133"]
[WhiteElo "1729"]
[BlackElo "2170"]
[PlyCount "0"]
[WhiteTeam "Sachy Hostalkova"]
[BlackTeam "SK Slavoj Poruba B"]
[EventDate "2024.10.20"]

1. e4 d6 2. d4 Nf6 3. Nc3 Nbd7 4. Nf3 e5 5. Bc4 Be7 6. Bxf7+ Kxf7 7. Ng5+ Kg8
8. Ne6 Qe8 9. Nxc7 Qg6 10. Qd3 Rb8 11. O-O h6 12. f4 Kh7 13. b3 exd4 14. Qxd4
d5 15. f5 Qf7 16. Ne6 dxe4 17. Bf4 Ra8 18. Rae1 Qxe6 19. Nxe4 Qb6 0-1

[Event "1. liga V 24/25, Orlova-Grygov"]
[Site ""]
[Date "2025.04.06"]
[Round "11.1"]
[White "Zylka, Stanislaw"]
[Black "Biolek, Richard"]
[Result "1/2-1/2"]
[WhiteFideId "1189654"]
[BlackFideId "319996"]
[WhiteElo "2346"]
[BlackElo "2401"]
[PlyCount "0"]
[WhiteTeam "SK Slavia Orlova"]
[BlackTeam "A64 PROCLIENT Grygov"]
[EventDate "2024.10.20"]

1. d4 d5 2. c4 Nc6 3. cxd5 Qxd5 4. e3 e5 5. Nc3 Bb4 6. a3 Bxc3+ 7. bxc3 Nf6 8.
c4 Qd6 9. d5 Ne7 10. a4 Qb4+ 11. Bd2 Qd6 12. Bc1 Qb4+ 13. Bd2 Qd6 14. Bc1
1/2-1/2

[Event "1. liga V 24/25, Orlova-Grygov"]
[Site ""]
[Date "2025.04.06"]
[Round "11.2"]
[White "Biolek, Richard"]
[Black "Tomaszewski, Kacper"]
[Result "1/2-1/2"]
[WhiteFideId "300756"]
[BlackFideId "1127373"]
[WhiteElo "2338"]
[BlackElo "2330"]
[PlyCount "0"]
[WhiteTeam "A64 PROCLIENT Grygov"]
[BlackTeam "SK Slavia Orlova"]
[EventDate "2024.10.20"]

1. e4 c5 2. Nf3 Nc6 3. Nc3 e6 4. Be2 Nf6 5. O-O a6 6. d4 cxd4 7. Nxd4 Qc7 8.
Be3 Bb4 9. Na4 O-O 10. Nxc6 bxc6 11. c4 Be7 12. Qc2 c5 13. f4 d6 14. Bf3 Rb8
15. Rae1 Bd7 16. Nc3 Rb4 17. b3 Rfb8 18. Bd2 Bc6 19. e5 dxe5 20. fxe5 Nd7 21.
Nd5 exd5 22. cxd5 Bb5 23. d6 Bxd6 24. exd6 Qxd6 25. Bxb4 Bxf1 26. Rd1 Qe6 27.
Be1 Bb5 28. Bg3 Rc8 29. a4 Bc6 30. Rd6 Qe3+ 31. Qf2 Qxf2+ 32. Kxf2 Nb8 33. Be2
Kf8 34. Bc4 Ke8 35. Rd3 a5 36. Bd6 Bd7 37. Re3+ Be6 38. Bb5+ Nd7 39. Ke2 Kd8
40. Kd2 Nf6 41. Kc1 Ne8 42. Bf8 Kc7 43. Rd3 Kb6 44. Be7 Kb7 45. Rc3 Nc7 46.
Rxc5 Nxb5 47. Rxc8 Kxc8 48. axb5 Bxb3 49. h4 Bd5 1/2-1/2

[Event "1. liga V 24/25, Orlova-Grygov"]
[Site ""]
[Date "2025.04.06"]
[Round "11.3"]
[White "Mrazek, Lumir"]
[Black "Zurek, Milan"]
[Result "1/2-1/2"]
[WhiteFideId "332127"]
[BlackFideId "300241"]
[WhiteElo "2309"]
[BlackElo "2312"]
[PlyCount "0"]
[WhiteTeam "SK Slavia Orlova"]
[BlackTeam "A64 PROCLIENT Grygov"]
[EventDate "2024.10.20"]

1. e4 d5 2. Nc3 Nf6 3. exd5 Nxd5 4. Bc4 e6 5. Nf3 Be7 6. O-O Nb6 7. Bd3 Nc6 8.
a3 O-O 9. b4 a6 10. Re1 f5 11. b5 axb5 12. Bxb5 Nd4 13. Nxd4 Qxd4 14. Bb2 c6
15. Bf1 Bf6 16. Qe2 Rd8 17. Nd1 Qxd2 18. Qxd2 Rxd2 19. Bxf6 gxf6 20. Bd3 Na4
21. Ne3 Nc5 22. Nc4 Nxd3 23. cxd3 Rxd3 24. Nb6 Ra6 25. Nxc8 Rd8 26. Rxe6 Rxc8
27. Re7 Rca8 28. Rxb7 Rxa3 29. Rxa3 Rxa3 30. h4 h5 31. Kf1 Ra2 32. g3 Rc2 33.
Kg2 Rc3 1/2-1/2

[Event "1. liga V 24/25, Orlova-Grygov"]
[Site ""]
[Date "2025.04.06"]
[Round "11.4"]
[White "Obsivac, Josef"]
[Black "Radzimski, Antoni"]
[Result "0-1"]
[WhiteFideId "303690"]
[BlackFideId "21052476"]
[WhiteElo "2247"]
[BlackElo "2195"]
[PlyCount "0"]
[WhiteTeam "A64 PROCLIENT Grygov"]
[BlackTeam "SK Slavia Orlova"]
[EventDate "2024.10.20"]

1. d4 Nf6 2. c4 e6 3. Nf3 Bb4+ 4. Bd2 a5 5. Nc3 d5 6. Bg5 h6 7. Bh4 O-O 8. e3
b6 9. Bd3 Bb7 10. O-O Be7 11. Rc1 Nbd7 12. Qe2 c5 13. Rfd1 cxd4 14. exd4 Re8
15. Ne5 Rc8 16. Bg3 Nb8 17. cxd5 Nxd5 18. Bb5 Rf8 19. Bc4 Bg5 20. Rb1 Nf4 21.
Bxf4 Bxf4 22. Qg4 Bxe5 23. dxe5 Qc7 24. Bb3 Qxe5 25. Re1 Qf6 26. h4 Rfd8 27.
Rbd1 Rxd1 28. Rxd1 Rd8 29. Rxd8+ Qxd8 30. Bc2 Qd6 31. Qd1 Qxd1+ 32. Bxd1 Kf8
33. Kf1 Ke7 34. g3 Kd6 35. Ke2 Nc6 36. Ke3 Ne7 37. Ne4+ Bxe4 38. Kxe4 f5+ 39.
Kd4 b5 40. a3 e5+ 41. Kd3 Kc5 42. Bh5 g6 43. Be2 e4+ 44. Kd2 g5 45. hxg5 hxg5
46. Bh5 f4 47. gxf4 gxf4 48. Be8 Nd5 49. Bd7 b4 50. Kc2 Kd4 51. Bb5 f3 52. Kb3
Nf4 53. axb4 axb4 54. Kxb4 Nd3+ 55. Kb3 Nxf2 56. Kc2 Nd3 57. Bd7 e3 58. Bf5 e2
0-1

[Event "1. liga V 24/25, Orlova-Grygov"]
[Site ""]
[Date "2025.04.06"]
[Round "11.5"]
[White "Kostka, Vit"]
[Black "Bokhnak, Timofey"]
[Result "1/2-1/2"]
[WhiteFideId "349232"]
[BlackFideId "14172976"]
[WhiteElo "2202"]
[BlackElo "2293"]
[PlyCount "0"]
[WhiteTeam "SK Slavia Orlova"]
[BlackTeam "A64 PROCLIENT Grygov"]
[EventDate "2024.10.20"]

1. e4 c5 2. Nf3 e6 3. d4 cxd4 4. Nxd4 Nf6 5. Nc3 Nc6 6. Ndb5 d6 7. Bf4 e5 8.
Bg5 a6 9. Na3 b5 10. Nd5 Be7 11. Bxf6 Bxf6 12. c3 O-O 13. Nc2 Rb8 14. h4 Be7
15. g3 Be6 16. Nce3 Qd7 17. Bg2 Bd8 18. Qd3 Bb6 19. O-O Bxe3 20. Nxe3 Ne7 21.
Rfd1 Rfd8 22. Rd2 Qc7 23. a4 1/2-1/2

[Event "1. liga V 24/25, Orlova-Grygov"]
[Site ""]
[Date "2025.04.06"]
[Round "11.6"]
[White "Vaculik, Jakub"]
[Black "Walica, Roman"]
[Result "1-0"]
[WhiteFideId "344109"]
[BlackFideId "358690"]
[WhiteElo "2243"]
[BlackElo "2073"]
[PlyCount "0"]
[WhiteTeam "A64 PROCLIENT Grygov"]
[BlackTeam "SK Slavia Orlova"]
[EventDate "2024.10.20"]

1. d4 Nf6 2. Nf3 e6 3. c4 d5 4. Nc3 c6 5. e3 Bd6 6. Be2 O-O 7. b3 Bb4 8. Bd2
Nbd7 9. O-O Qe7 10. Qc2 Bd6 11. Rfd1 b6 12. cxd5 exd5 13. Be1 Bb7 14. Qb2 Ba3
15. Qb1 Rfe8 16. Na4 Bd6 17. b4 Ne4 18. b5 Ndf6 19. bxc6 Bxc6 20. Nc3 Ng4 21.
Qb3 Nxc3 22. Qxc3 Rac8 23. Qb3 f5 24. Rdc1 Bb7 25. h3 Nf6 26. Bb5 Red8 27. a3
Ne4 28. Bb4 a6 29. Bd3 Bxb4 30. axb4 Rxc1+ 31. Rxc1 Nd6 32. Rc3 b5 33. Qc2 Rc8
34. Rxc8+ Bxc8 35. Qc5 Be6 36. Ng5 Qd7 37. Qb6 h6 38. Nxe6 Qxe6 39. Qxa6 Qd7
40. Qa8+ 1-0

[Event "1. liga V 24/25, Orlova-Grygov"]
[Site ""]
[Date "2025.04.06"]
[Round "11.7"]
[White "Horvath, Tomas"]
[Black "Vanek, Ladislav"]
[Result "0-1"]
[WhiteFideId "358630"]
[BlackFideId "324647"]
[WhiteElo "2049"]
[BlackElo "2214"]
[PlyCount "0"]
[WhiteTeam "SK Slavia Orlova"]
[BlackTeam "A64 PROCLIENT Grygov"]
[EventDate "2024.10.20"]

1. e4 d5 2. exd5 Qxd5 3. d4 Nc6 4. Be3 e5 5. c4 Qa5+ 6. Bd2 Bb4 7. d5 Nd4 8.
Ne2 Bxd2+ 9. Nxd2 Bg4 10. a3 Ne7 11. b4 Bxe2 12. Bxe2 Qa6 13. O-O Nxd5 14. b5
Nc3 15. bxa6 Ndxe2+ 16. Qxe2 Nxe2+ 17. Kh1 O-O-O 18. axb7+ Kxb7 19. Nb3 Nd4 20.
Nc5+ Kc6 21. Nd3 f6 22. Rad1 a5 23. a4 Ne6 24. g3 Rd4 25. Nb2 Rb8 26. Rxd4 Nxd4
27. Nd3 Rb3 28. Rd1 Rc3 29. f4 Rc2 30. Ne1 Rxc4 31. fxe5 fxe5 32. Nd3 Kd5 33.
Re1 Nf3 34. Re3 e4 35. Nf4+ Kd4 36. Re2 g5 0-1

[Event "1. liga V 24/25, Orlova-Grygov"]
[Site ""]
[Date "2025.04.06"]
[Round "11.8"]
[White "Zvolanek, Libor"]
[Black "Kubos, Rostislav"]
[Result "1/2-1/2"]
[WhiteFideId "303496"]
[BlackFideId "316938"]
[WhiteElo "2147"]
[BlackElo "2083"]
[PlyCount "0"]
[WhiteTeam "A64 PROCLIENT Grygov"]
[BlackTeam "SK Slavia Orlova"]
[EventDate "2024.10.20"]

1. Nf3 g6 2. g3 Bg7 3. Bg2 Nf6 4. O-O O-O 5. d3 c5 6. e4 d6 7. Re1 Nc6 8. c3
Bg4 9. h3 Bxf3 10. Bxf3 Nd7 11. Bg2 Rb8 12. a4 a6 13. f4 Qc7 14. Be3 Rfc8 15.
Nd2 b5 16. axb5 axb5 17. Nf3 b4 18. d4 bxc3 19. bxc3 cxd4 20. cxd4 Nb4 1/2-1/2